000 00371pab a2200145 454500
008 180718b1997-98 xxu||||| |||| 00| 0 eng d
100 _aKuldip Kaur
245 _aGrowth and firm size - evidence from the Indian firms
260 _c1997-98
300 _ap.121-39
362 _aOct-Dec
650 _aEnterprises
773 _aIndian Economic Journal
909 _a37185
999 _c37185
_d37185